000 00490nam a2200193Ia 4500
005 20230707112852.0
008 131103s9999 xx 000 0 und d
020 _aSBN:241019354
040 _aLoreto College
041 _aEnglish
082 _aF
_bFLE
100 _aFleming,Joan
245 4 _aThe Man from nowhere
_cJoan Fleming
260 _aLondon
_bA Fingerprint Book/Hamish Hamilton
_c1960
300 _a176 p.
650 _aFiction in English
850 _aLCLIB
942 _cBK
999 _c16001
_d66480